000 00518nam a2200181 a 4500
001 000042429
005 20201002040142.0
008 131202s1971 sp a r 000 0 spa d
040 _aDO-SdBNP
_bspa
_cBNPHU
082 _axxxx
_bxxxx
100 1 _aMay, Karl
_969565
245 1 0 _aA través del Oeste /
_cKarl May.
260 _aBarcelona :
_bBruguera,
_c1971.
300 _a192 p. :
_bil. ;
_c19 cm.
490 1 _aHistorias selección
_v10
590 _aInventariado, 2019/BT
830 0 _aHistorias selección
_n10
_969566
999 _c41918
_d41918